00627nam a22001577a 4500020001800000082001800018100002200036245007700058260004500135300002300180500002000203650006500223942000700288999001700295952015700312 a9788131505861 a621.31042 CAR aCarlson, A. Bruce aCircuits : engineering concepts and analysis of linear electric circuits aNew Delhi, IndiabCengage Learningc2000 axx, 840 p.bill. ; aIncludes index. a1. Electric circuits, Linear. 2. Electric circuit analysis. cBK c12447d12447 001040708NFICaCLbCLcGENd2013-12-27eSaeed Book Bankg784.80l1m1o621.31042 CARpSEECS012826q2021-03-27r2021-02-25s2021-02-25w2014-01-01yBK